Financial Mathematics for Actuaries (Record no. 43474)
[ view plain ]
| 000 -LEADER | |
|---|---|
| fixed length control field | 02202cam a22004098i 4500 |
| 001 - CONTROL NUMBER | |
| control field | 22166706 |
| 005 - DATE AND TIME OF LATEST TRANSACTION | |
| control field | 20250328154124.0 |
| 008 - FIXED-LENGTH DATA ELEMENTS--GENERAL INFORMATION | |
| fixed length control field | 210805s2022 nju 001 0 eng |
| 010 ## - LIBRARY OF CONGRESS CONTROL NUMBER | |
| LC control number | 2021036685 |
| 020 ## - INTERNATIONAL STANDARD BOOK NUMBER | |
| International Standard Book Number | 9789811243271 |
| 020 ## - INTERNATIONAL STANDARD BOOK NUMBER | |
| International Standard Book Number | 9789811245671 |
| 020 ## - INTERNATIONAL STANDARD BOOK NUMBER | |
| Canceled/invalid ISBN | 9789811243288 |
| 020 ## - INTERNATIONAL STANDARD BOOK NUMBER | |
| Canceled/invalid ISBN | 9789811243295 |
| 041 ## - LANGUAGE CODE | |
| Language code of text/sound track or separate title | eng |
| 042 ## - AUTHENTICATION CODE | |
| Authentication code | pcc |
| 082 00 - DEWEY DECIMAL CLASSIFICATION NUMBER | |
| Classification number | 332.0151 CHA |
| 100 1# - MAIN ENTRY--PERSONAL NAME | |
| Author | Chan, Wai Sum, |
| 245 10 - TITLE STATEMENT | |
| Title | Financial Mathematics for Actuaries |
| 250 ## - EDITION STATEMENT | |
| Edition statement | 3rd |
| 260 ## - PUBLICATION, DISTRIBUTION, ETC. | |
| Place | Singapore |
| Publisher | World Scientific |
| Publication Year | 2022 |
| 300 ## - PHYSICAL DESCRIPTION | |
| Extent | 345;. pages: 25 cm |
| 500 ## - GENERAL NOTE | |
| Keywords | Includes index. |
| 520 ## - SUMMARY, ETC. | |
| Summary, etc. | "This book provides a thorough understanding of the fundamental concepts of financial mathematics essential for the evaluation of any financial product and instrument. Mastering concepts of present and future values of streams of cash flows under different interest rate environments is core for actuaries and financial economists. This book covers the body of knowledge required by the Society of Actuaries (SOA) for its Financial Mathematics (FM) Exam. The third edition includes major changes such as an addition of an "R Laboratory" section in each chapter, except for Chapter 9. These sections provide R codes to do various computations, which will facilitate students to apply conceptual knowledge. Additionally, key definitions have been revised and the theme structure has been altered. Students studying undergraduate courses on financial mathematics for actuaries will find this book useful. This book offers numerous examples and exercises, some of which are adapted from previous SOA FM Exams. It is also useful for students preparing for the actuarial professional exams through self-study"-- |
| 650 #0 - SUBJECT ADDED ENTRY--TOPICAL TERM | |
| Subject | Business Mathematics |
| 650 #0 - SUBJECT ADDED ENTRY--TOPICAL TERM | |
| Subject | Finance |
| 650 #0 - SUBJECT ADDED ENTRY--TOPICAL TERM | |
| Subject | Insurance |
| 650 #0 - SUBJECT ADDED ENTRY--TOPICAL TERM | |
| Subject | Actuarial science. |
| 700 1# - ADDED ENTRY--PERSONAL NAME | |
| Co-Author | Tse, Yiu Kuen, |
| 942 ## - ADDED ENTRY ELEMENTS (KOHA) | |
| Koha item type | Books |
| 263 ## - PROJECTED PUBLICATION DATE | |
| Projected publication date | 2110 |
| 264 #1 - PRODUCTION, PUBLICATION, DISTRIBUTION, MANUFACTURE, AND COPYRIGHT NOTICE | |
| Place of production, publication, distribution, manufacture | New Jersey : |
| Name of producer, publisher, distributor, manufacturer | World Scientific, |
| Date of production, publication, distribution, manufacture, or copyright notice | [2022] |
| 336 ## - CONTENT TYPE | |
| Content type term | text |
| Content type code | txt |
| Source | rdacontent |
| 337 ## - MEDIA TYPE | |
| Media type term | unmediated |
| Media type code | n |
| Source | rdamedia |
| 338 ## - CARRIER TYPE | |
| Carrier type term | volume |
| Carrier type code | nc |
| Source | rdacarrier |
| 906 ## - LOCAL DATA ELEMENT F, LDF (RLIN) | |
| a | 7 |
| b | cbc |
| c | orignew |
| d | 1 |
| e | ecip |
| f | 20 |
| g | y-gencatlg |
| Withdrawn status | Lost status | Source of classification or shelving scheme | Damaged status | Not for loan | Home library | Current library | Shelving location | Accession Date | Vendor | Price | Bill number | Total Checkouts | Full call number | Barcode No | Date last seen | Discount | Bill Date | Koha item type | Suggested By |
|---|---|---|---|---|---|---|---|---|---|---|---|---|---|---|---|---|---|---|---|
| Dewey Decimal Classification | IMTN | IMTN | Rack 9-A | 03/24/2025 | Raghav Books Private Limited | 10091.25 | 2374 | 332.0151 CHA | 33762 | 03/28/2025 | 33 | 02/14/2025 | Books | Dr. Veena Pailwar |